Normal view MARC view
  • Horowitz, Paul

Entry Personal Name

Number of records used in: 3

001 - CONTROL NUMBER

  • control field: 96834

003 - CONTROL NUMBER IDENTIFIER

  • control field: NUST

005 - DATE AND TIME OF LATEST TRANSACTION

  • control field: 20220811114920.0

008 - FIXED-LENGTH DATA ELEMENTS

  • fixed length control field: 220811|| aca||aabn | a|a d

040 ## - CATALOGING SOURCE

  • Original cataloging agency: NUST
  • Transcribing agency: NUST

100 ## - HEADING--PERSONAL NAME

  • Personal name: Horowitz, Paul

670 ## - SOURCE DATA FOUND

  • Source citation: Work cat.: (NUST)175682: Horowitz, Paul,, The art of electronics /, 1989.
© 2023 Central Library, National University of Sciences and Technology. All Rights Reserved.